| 000 | 00905nam0a22002171i 4500 | ||
|---|---|---|---|
| 001 | rc\533711 | ||
| 005 | 20240725225802.0 | ||
| 035 | _a(NLR Aleph) 005771431 | ||
| 090 |
_a5036177 _c5036177 |
||
| 100 | _a20030616d1987 u |0rusy50 ca | ||
| 101 | 0 | _arus | |
| 102 | _aRU | ||
| 105 | _ay ||||||||| | ||
| 200 | 1 |
_aПроблемы стиля современной оперной режиссуры _e(На материале творчества Б.А. Покровского) _eАвтореф. дис. на соиск. учен. степ. канд. искусствоведения _e(17.00.01) _fГос. ин-т театр. искусства им. А.В. Луначарского |
|
| 210 |
_aМ. _d1987 |
||
| 215 | _a20 с. | ||
| 700 | 1 |
_aСтахорский _bС.В. _gСергей Всеволодович |
|
| 801 | 0 |
_aRU _bNLR _gpsbo |
|
| 801 | 1 |
_aRU _bELAR _2rusmarc |
|
| 852 |
_aNLR _jА87/16377 |
||
| 942 | _cBOOK | ||